000 00315nam a2200145Ia 4500
100 _aPetroutsos/Evangelos
942 _cBK
366 _f15
654 _aMastering Visual Basic 6
245 _aMastering Visual Basic 6
260 _bBPB
_aNewDelhi
_c2002
082 _a5.13
300 _a1285
546 _aENGLISH
999 _c24449
_d24449